000 00417nam a2200181Ia 4500
005 20240823035649.0
008 240823s9999||||xx |||||||||||||| ||und||
041 _aENGLISH
082 _A820.8121 Q3
100 _aMuttathu Sudha
245 0 _aNehruvians Rajiv Gandhi
250 _a1st
260 _c2013
_bKerala Panini Publi
500 _aYES
650 _aEpic oem
_bGeneral
942 _cBK
999 _c201223
_d201223